アニメ銀魂 主題歌 - Statistics

General Stats
  • This quiz has been taken 24 times
  • The average score is 23 of 77
Answer Stats
期間 アーティスト 曲名 % Correct
第100話 - 第125話 DOES 曇天
84%
第202話 - 第214話 SPYAIR サムライハート (Some Like It Hot!!)
68%
第63話 - 第75話 SPYAIR サムライハート (Some Like It Hot!!)
68%
第1話 - 第9話 DOES バクチ・ダンサー
63%
新訳紅桜篇主題歌 DOES バクチ・ダンサー
63%
第202話 - 第227話 serial TV drama 桃源郷エイリアン
58%
第278話 - 第291話 CHiCO with HoneyWorks プライド革命
58%
第317話 - 第328話 ЯeaL カゲロウ
53%
第257話 - 第265話 SPYAIR サクラミツツキ
47%
第60話 - 第70話 SPYAIR サクラミツツキ
47%
第50話 - 第62話 DOES 修羅
42%
第266話 - 第277話 BLUE ENCOUNT DAY×DAY
42%
第1話 - 第24話 Tommy heavenly6 Pray
42%
完結篇EDテーマ Tommy heavenly6 Pray
42%
第151話 - 第176話 Base Ball Bear Stairway Generation
42%
THE FINAL主題歌 SPYAIR 轍〜Wadachi〜
42%
第25話 - 第49話 YO-KING 遠い匂い
37%
第228話 - 第240話 ecosystem ジレンマ
37%
第71話 - 第88話 SPYAIR 現状ディストラクション
37%
完結篇主題歌 SPYAIR 現状ディストラクション
37%
第292話 - 第303話 OKAMOTO'S Beautiful Days
37%
第342話 - 第353話 DISH// 勝手にMY SOUL
37%
第329話 - 第341話 BLUE ENCOUNT VS
37%
第102話 - 第113話 BLUE ENCOUNT VS
37%
第241話 - 第252話 FLiP ワンダーランド
32%
第164話 - 第176話 高橋瞳×BEAT CRUSADERS ウォーアイニー
32%
第177話 - 第189話 ONE☆DRAFT ワンダフルデイズ
32%
第342話 - 第353話 BURNOUT SYNDROMES 花一匁
32%
第354話 - 第367話 CHiCO with HoneyWorks ヒカリ証明論
32%
第10話 - 第26話 井上ジョー 風のごとく
32%
第40話 - 第51話 FLiP カートニアゴ
32%
THE FINAL挿入歌 DOES 道楽心情
32%
第304話 - 第316話 DOES KNOW KNOW KNOW
32%
第126話 - 第150話 monobright アナタMAGIC
32%
第50話 - 第75話 redballoon 銀色の空
26%
第76話 - 第99話 Hearts Grow かさなる影
26%
第139話 - 第150話 シギ 輝いた
26%
第228話 - 第240話 黒猫チェルシー アナグラ
26%
第253話 - 第256話 MONOBRIGHT ムーンウォーク
26%
第292話 - 第303話 THREE LIGHTS DOWN KINGS グロリアスデイズ
26%
第27話 - 第39話 栗山千明 可能性ガール
26%
第89話 - 第101話 CHiCO with HoneyWorks 今日もサクラ舞う暁に
26%
第52話 - 第59話 MONOBRIGHT ムーンウォーク
26%
第266話 - 第277話 ねごと DESTINY
26%
第278話 - 第291話 Aqua Timez 最後までII
26%
第354話 - 第367話 SPYAIR I Wanna Be…
26%
第253話 - 第256話 AMOYAMO LET'S GO OUT
26%
第52話 - 第59話 AMOYAMO LET'S GO OUT
26%
第14話 - 第24話 amplified MR.RAINDROP
26%
第1話 - 第13話 キャプテンストライダム 風船ガム
21%
第25話 - 第37話 redballoon 雪のツバサ
21%
第63話 - 第75話 シュノーケル 奇跡
21%
第190話 - 第201話 Qwai サヨナラの空
21%
第215話 - 第227話 Prague バランスドール
21%
第40話 - 第51話 ピコ 桜音
21%
第76話 - 第88話 Prague バランスドール
21%
第126話 - 第138話 ghostnote I、愛、会い
21%
第177話 - 第201話 Prague Light Infection
21%
第257話 - 第265話 PAGE エクスペクト
16%
第304話 - 第316話 Swimy あっちむいて
16%
第329話 - 第341話 あゆみくりかまき 反抗声明
16%
第1話 - 第9話 DOES 僕たちの季節
16%
第60話 - 第62話 PAGE エクスペクト
16%
第102話 - 第113話 あゆみくりかまき 反抗声明
16%
新訳紅桜篇EDテーマ DOES 僕たちの季節
16%
第151話 - 第163話 PENGIN 朝ANSWER
16%
第76話 - 第87話 KELUN SIGNAL
16%
第38話 - 第49話 高橋瞳 キャンディ・ライン
11%
第241話 - 第251話 Good Coming 仲間
11%
THE FINAL挿入歌 DOES ブレイクダウン
11%
第27話 - 第39話 AZU IN MY LIFE
11%
第100話 - 第112話 POSSIBILITY sanagi
11%
第317話 - 第328話 RIZE SILVER
11%
第88話 - 第99話 THE RODEO CARBURETTOR Speed of flow
11%
第10話 - 第26話 Vijandeux WAVE
11%
第89話 - 第101話 XY We Gotta Fight
11%
第113話 - 第125話 プリングミン This world is yours
5%
No matching quizzes found
Score Distribution
Percent of People with Each Score
Percentile by Number Answered
Your Score History
You have not taken this quiz